[Event "21st Panam-ch"]
[Site "Mar del Plata ARG"]
[Date "2012.10.12"]
[Round "1.48"]
[White "Bianchi, Augusto"]
[Black "Vasta, Eduardo"]
[Result "1-0"]
[WhiteElo "1903"]
[BlackElo "2307"]
[EventDate "2012.10.12"]
[PlyCount "77"]

1.e4 e5 2.Nf3 Nc6 3.d4 exd4 4.Nxd4 Bc5 5.Be3 Qf6 6.Nb5 Bxe3 7.fxe3 Qd8 8.
Qg4 g6 9.Qf4 d6 10.Bc4 Ne5 11.O-O Qe7 12.N1c3 Be6 13.Bxe6 fxe6 14.Nxc7+ 
Qxc7 15.Qf8+ Kd7 16.Qxa8 Qc8 17.Qxc8+ Kxc8 18.Rf8+ Kc7 19.Nb5+ Kc6 20.Nd4+
Kd7 21.Raf1 Ke7 22.Rb8 Nd7 23.Rxb7 Nf6 24.Rxf6 Kxf6 25.Rxd7 Ke5 26.Kf2 
Kxe4 27.Rxd6 e5 28.Nf3 Rc8 29.c4 Kf5 30.b3 g5 31.Rd7 g4 32.Nd2 h5 33.Rxa7 
Rd8 34.e4+ Kg5 35.Ke3 Kh4 36.c5 Rg8 37.c6 Rg6 38.c7 Rc6 39.Nc4 1-0

[Event "21st Panam-ch"]
[Site "Mar del Plata ARG"]
[Date "2012.10.12"]
[Round "1.49"]
[White "Reis, Renan do Carmo"]
[Black "Arias, Juan Cruz"]
[Result "1/2-1/2"]
[WhiteElo "2306"]
[BlackElo "1899"]
[EventDate "2012.10.12"]
[PlyCount "68"]

1.e4 e6 2.d4 d5 3.Nc3 Nf6 4.e5 Nfd7 5.f4 c5 6.Nf3 Nc6 7.Be3 cxd4 8.Nxd4 
Bc5 9.Qd2 a6 10.O-O-O O-O 11.Qf2 Qe7 12.Bd3 f6 13.exf6 Nxf6 14.Nxc6 Bxe3+ 
15.Qxe3 bxc6 16.Rhe1 Rb8 17.b3 Bd7 18.Kb1 c5 19.Qe5 c4 20.Bf5 cxb3 21.axb3
Qa3 22.Bxe6+ Bxe6 23.Qxe6+ Kh8 24.Qe3 Rfc8 25.Nxd5 Ne4 26.Rd3 Rxc2 27.Kxc2
Qa2+ 28.Kc1 Qa1+ 29.Kc2 Qa2+ 30.Kd1 Nf2+ 31.Kc1 Qa1+ 32.Kc2 Rc8+ 33.Rc3 
Qa2+ 34.Kc1 Qa1+ 1/2-1/2

[Event "21st Panam-ch"]
[Site "Mar del Plata ARG"]
[Date "2012.10.12"]
[Round "1.50"]
[White "Espindola, Juan Carlos"]
[Black "Pichot, Alan"]
[Result "0-1"]
[WhiteElo "1891"]
[BlackElo "2300"]
[EventDate "2012.10.12"]
[PlyCount "80"]

1.d4 Nf6 2.Nf3 g6 3.Bf4 Bg7 4.e3 O-O 5.h3 d6 6.Nbd2 Nfd7 7.c3 e5 8.Bh2 Nc6
9.Bb5 Re8 10.O-O Qe7 11.d5 Nd8 12.Bxd7 Bxd7 13.a4 f5 14.Kh1 g5 15.Ng1 Qf7 
16.e4 f4 17.f3 h5 18.g3 fxg3 19.Bxg3 Bh6 20.Rf2 Kh7 21.Qe2 Rg8 22.b3 Qf6 
23.Raf1 Nf7 24.Nc4 Nh8 25.Nb2 Ng6 26.Nd3 Raf8 27.c4 Rg7 28.c5 Nf4 29.Bxf4 
gxf4 30.Rg2 Rxg2 31.Qxg2 Rg8 32.Qh2 c6 33.Rf2 cxd5 34.Rg2 dxe4 35.Rxg8 
exd3 36.Rb8 Bc6 37.Qd2 Qg6 38.Qa5 e4 39.Qc7+ Bg7 40.Rxb7 exf3 0-1

[Event "21st Panam-ch"]
[Site "Mar del Plata ARG"]
[Date "2012.10.12"]
[Round "1.51"]
[White "Nina Campos, Miguel Angel"]
[Black "Bilbao, Guillermo"]
[Result "1-0"]
[WhiteElo "2298"]
[BlackElo "1890"]
[EventDate "2012.10.12"]
[PlyCount "53"]

1.d4 Nf6 2.Nf3 d5 3.Bg5 e6 4.e3 Be7 5.Bd3 O-O 6.Nbd2 b6 7.Qe2 c5 8.c3 Nbd7
9.O-O Bb7 10.Rad1 Ne4 11.Bf4 f5 12.h3 g5 13.Bh2 c4 14.Bxe4 fxe4 15.Ne5 
Nxe5 16.Bxe5 Bd6 17.Bxd6 Qxd6 18.f3 exf3 19.Nxf3 Rf5 20.g4 Rf6 21.Kg2 h6 
22.Ne5 Raf8 23.Rxf6 Rxf6 24.Rh1 Qe7 25.h4 Qh7 26.hxg5 Qe4+ 27.Kg3 1-0

[Event "21st Panam-ch"]
[Site "Mar del Plata ARG"]
[Date "2012.10.12"]
[Round "1.54"]
[White "Alvarez, Agustin"]
[Black "Leskovar, Matias"]
[Result "0-1"]
[WhiteElo "1863"]
[BlackElo "2283"]
[EventDate "2012.10.12"]
[PlyCount "52"]

1.Nf3 Nf6 2.c4 e6 3.g3 d5 4.b3 Be7 5.Bg2 c5 6.O-O Nc6 7.d3 O-O 8.Na3 b6 9.
Bd2 Bb7 10.Nc2 Qc7 11.a3 Rfd8 12.Qc1 Rac8 13.Qb2 Ng4 14.Rab1 Bf6 15.Qa2 
Nge5 16.Rfc1 Nxf3+ 17.Bxf3 Ne5 18.Bg2 dxc4 19.bxc4 Bxg2 20.Kxg2 Qc6+ 21.
Kh3 g5 22.f3 h5 23.Ne3 Nxf3 24.exf3 Qxf3 25.Rf1 g4+ 26.Nxg4 hxg4# 0-1

[Event "21st Panam-ch"]
[Site "Mar del Plata ARG"]
[Date "2012.10.12"]
[Round "1.55"]
[White "Tokman, Ariel"]
[Black "Curotto, Nicolas"]
[Result "1-0"]
[WhiteElo "2283"]
[BlackElo "1859"]
[EventDate "2012.10.12"]
[PlyCount "89"]

1.c4 e5 2.g3 Nc6 3.Bg2 g6 4.Nc3 Bg7 5.e3 d6 6.Nge2 f5 7.O-O Nf6 8.Rb1 O-O 
9.d3 Be6 10.Nd5 Qd7 11.b4 h6 12.b5 Nd8 13.Qc2 g5 14.f4 exf4 15.exf4 g4 16.
Bb2 c6 17.bxc6 bxc6 18.Nxf6+ Bxf6 19.Bxf6 Rxf6 20.Qc3 Qg7 21.Nd4 Bd7 22.
Rfe1 Rf7 23.Nb5 Qxc3 24.Nxc3 Rc8 25.c5 d5 26.d4 Ne6 27.Ne2 Re8 28.Kf2 Bc8 
29.Nc1 Rfe7 30.Rb4 Ba6 31.Bf1 Bxf1 32.Kxf1 Ng7 33.Re5 Rxe5 34.fxe5 Ne6 35.
Ne2 Re7 36.Kf2 Kf7 37.Ke3 Ng5 38.Rb8 Rc7 39.a4 a6 40.a5 Ne6 41.Rb6 Ra7 42.
Rxc6 Rb7 43.Rb6 Rxb6 44.axb6 Nd8 45.Nf4 1-0

[Event "21st Panam-ch"]
[Site "Mar del Plata ARG"]
[Date "2012.10.12"]
[Round "1.56"]
[White "Villegas, Franco"]
[Black "Paveto, Kevin"]
[Result "0-1"]
[WhiteElo "1852"]
[BlackElo "2282"]
[EventDate "2012.10.12"]
[PlyCount "94"]

1.e4 e5 2.Nf3 Nc6 3.Bc4 Nf6 4.d3 Bc5 5.c3 d6 6.Bb3 Bb6 7.Nbd2 Ne7 8.Nf1 
Ng6 9.Ng3 h6 10.h3 d5 11.exd5 Nxd5 12.O-O O-O 13.Re1 c6 14.d4 exd4 15.Nxd4
Qf6 16.Ne4 Qh4 17.Nf3 Qd8 18.c4 Ndf4 19.Bxf4 Nxf4 20.c5 Ba5 21.Qxd8 Rxd8 
22.Red1 Be6 23.Nd6 Rab8 24.Ne5 Nd5 25.f4 Bb4 26.Nd3 Bxc5+ 27.Nxc5 Rxd6 28.
Rd4 b6 29.Ne4 Rd7 30.Bxd5 Rxd5 31.Rxd5 Bxd5 32.Nc3 Be6 33.Rd1 b5 34.b3 a5 
35.Rd6 Rc8 36.g4 g6 37.Ne4 Kg7 38.Kf2 c5 39.Rd1 c4 40.f5 gxf5 41.gxf5 Bxf5
42.Nd6 Rc5 43.Ke3 Bxh3 44.bxc4 bxc4 45.Kd4 Rg5 46.Kxc4 Be6+ 47.Kc3 Bxa2 
0-1

[Event "21st Panam-ch"]
[Site "Mar del Plata ARG"]
[Date "2012.10.12"]
[Round "1.58"]
[White "Speranza, Mariano"]
[Black "Umetsubo, Cesar Hidemitsu"]
[Result "0-1"]
[WhiteElo "1851"]
[BlackElo "2276"]
[EventDate "2012.10.12"]
[PlyCount "36"]

1.e4 e5 2.Nf3 Nf6 3.Nc3 Nc6 4.Bc4 Nxe4 5.Nxe4 d5 6.Bxd5 Qxd5 7.Nc3 Qd8 8.
d3 Be7 9.Be3 O-O 10.Qd2 f5 11.Bg5 Be6 12.O-O-O b5 13.Rde1 b4 14.Nd1 Bf6 
15.Nxe5 Bxg5 16.f4 Nxe5 17.Rxe5 Qd4 18.g3 Qxe5 0-1

[Event "21st Panam-ch"]
[Site "Mar del Plata ARG"]
[Date "2012.10.12"]
[Round "1.59"]
[White "Sabas, Jorge"]
[Black "Saitta, Jorge"]
[Result "1-0"]
[WhiteElo "2274"]
[BlackElo "1847"]
[EventDate "2012.10.12"]
[PlyCount "85"]

1.d4 Nf6 2.c4 e6 3.Nf3 d5 4.Nc3 Bb4 5.e3 O-O 6.Bd3 c5 7.O-O dxc4 8.Bxc4 
cxd4 9.exd4 Bxc3 10.bxc3 Qc7 11.Qe2 Nd5 12.Bd2 b6 13.Bd3 Bb7 14.Qe4 Nf6 
15.Qh4 Nbd7 16.Rfe1 Rfe8 17.Ne5 g6 18.Bb5 a6 19.Bxd7 Nxd7 20.Nxf7 Qc6 21.
f3 h5 22.Ne5 Nxe5 23.Rxe5 Qd7 24.Qg3 Kh7 25.Rae1 b5 26.Qf4 Kg8 27.Qh6 Qg7 
28.Qe3 Bd5 29.a3 Rac8 30.Rg5 Rf8 31.Qd3 Rf6 32.Rg3 Kh8 33.Bg5 Rf5 34.Qe3 
Kh7 35.Rh3 Kg8 36.Bf4 Qf7 37.Be5 Rf8 38.Rg3 Kh7 39.Ra1 Qe7 40.Rh3 R8f7 41.
f4 h4 42.g4 Rxe5 43.Qxe5 1-0

[Event "21st Panam-ch"]
[Site "Mar del Plata ARG"]
[Date "2012.10.12"]
[Round "1.60"]
[White "Brizzi, Milagros Tatiana"]
[Black "Feliciano Ebert, Vanessa"]
[Result "0-1"]
[WhiteElo "1839"]
[BlackElo "2268"]
[EventDate "2012.10.12"]
[PlyCount "46"]

1.e4 d6 2.d4 Nf6 3.Bd3 g6 4.Nf3 Bg7 5.O-O O-O 6.Qe2 Nc6 7.c3 e5 8.h3 Nh5 
9.Be3 Qe8 10.dxe5 dxe5 11.Bc4 Ne7 12.Na3 c6 13.Rfd1 Kh8 14.g4 Nf4 15.Bxf4 
exf4 16.Qd2 f5 17.gxf5 gxf5 18.Qxf4 fxe4 19.Qxe4 Bxh3 20.Re1 Qh5 21.Nh2 
Qg5+ 22.Kh1 Rf4 23.Qxf4 Qg2# 0-1

[Event "21st Panam-ch"]
[Site "Mar del Plata ARG"]
[Date "2012.10.12"]
[Round "1.61"]
[White "Cerda Albornoz, Guillermo"]
[Black "March, Diego"]
[Result "1-0"]
[WhiteElo "2267"]
[BlackElo "1822"]
[EventDate "2012.10.12"]
[PlyCount "67"]

1.e4 c5 2.Nf3 Nc6 3.d4 cxd4 4.Nxd4 g6 5.Nc3 Bg7 6.Nde2 Nf6 7.h3 O-O 8.g4 
d6 9.Bg2 Rb8 10.Be3 b6 11.Qd2 Na5 12.b3 Bb7 13.Rd1 Qc7 14.O-O Rbc8 15.Bh6 
Rfd8 16.Bxg7 Kxg7 17.Rc1 e6 18.g5 Ne8 19.Nb5 Qd7 20.c4 Nc6 21.Rcd1 a6 22.
Nbc3 Qc7 23.h4 Ne7 24.Bh3 Rb8 25.Nf4 Bc8 26.a4 e5 27.Nfd5 Nxd5 28.Nxd5 Qb7
29.Bg2 Nc7 30.Nf6 Ne6 31.f4 Nxf4 32.Rxf4 exf4 33.Qc3 Be6 34.e5 1-0

[Event "21st Panam-ch"]
[Site "Mar del Plata ARG"]
[Date "2012.10.12"]
[Round "1.62"]
[White "Figar, Nicolas"]
[Black "Viana, Dirceu"]
[Result "0-1"]
[WhiteElo "1802"]
[BlackElo "2275"]
[EventDate "2012.10.12"]
[PlyCount "38"]

1.e4 e5 2.Nf3 Nc6 3.Bb5 g6 4.O-O Bg7 5.c3 a6 6.Ba4 d6 7.Re1 Bd7 8.d4 b5 9.
Bb3 Nf6 10.Bd5 O-O 11.Bg5 h6 12.Bxf6 Qxf6 13.dxe5 dxe5 14.Nbd2 Rfd8 15.Qc2
Rab8 16.a4 Ne7 17.Nb3 c6 18.axb5 axb5 19.Ra6 Bc8 0-1

[Event "21st Panam-ch"]
[Site "Mar del Plata ARG"]
[Date "2012.10.12"]
[Round "1.63"]
[White "Espinoza Palomino, Willyam"]
[Black "Oliveira, Francemir Barra de"]
[Result "1-0"]
[WhiteElo "2265"]
[BlackElo "1799"]
[EventDate "2012.10.12"]
[PlyCount "61"]

1.e4 e5 2.Nf3 Nc6 3.Bb5 Nf6 4.d3 Bc5 5.O-O Nd4 6.Nxd4 exd4 7.f4 c6 8.Ba4 
d6 9.Nd2 O-O 10.Nf3 Ng4 11.h3 Nf6 12.Bd2 Kh8 13.Be1 Ne8 14.Bh4 Qc7 15.Bb3 
Be6 16.Bf2 Qb6 17.f5 Bxb3 18.axb3 Nf6 19.Ra4 Rg8 20.Nxd4 a5 21.c3 g5 22.
fxg6 Rxg6 23.b4 Rag8 24.bxc5 Rxg2+ 25.Kh1 dxc5 26.Qf3 R8g6 27.Nf5 Qc7 28.
Bg3 R2xg3 29.Nxg3 b5 30.Raa1 Qd7 31.Nf5 1-0

[Event "21st Panam-ch"]
[Site "Mar del Plata ARG"]
[Date "2012.10.12"]
[Round "1.64"]
[White "Morales, Guillermo"]
[Black "Santos, Haroldo Cunha dos"]
[Result "0-1"]
[WhiteElo "1779"]
[BlackElo "2263"]
[EventDate "2012.10.12"]
[PlyCount "80"]

1.d4 d5 2.Nf3 Nf6 3.e3 c5 4.c3 Qb6 5.Bd3 Bg4 6.Nbd2 Nc6 7.O-O e6 8.Re1 Be7
9.Qa4 O-O 10.Bb5 Bd6 11.Bxc6 bxc6 12.Ne5 cxd4 13.exd4 Rfc8 14.Ndf3 Bf5 15.
Qb3 Qa6 16.a3 c5 17.Be3 Rab8 18.Qa2 c4 19.Bg5 Ne4 20.g4 Bxe5 21.gxf5 Nxg5 
22.Nxg5 Bf6 23.Nf3 exf5 24.Qb1 g6 25.Qc2 Qd6 26.Qd2 Re8 27.Rxe8+ Rxe8 28.
Re1 Re4 29.Rxe4 fxe4 30.Ne5 Bxe5 31.dxe5 Qxe5 32.Qc2 e3 33.Qe2 exf2+ 34.
Qxf2 Qg5+ 35.Kh1 Qe7 36.Kg2 h5 37.Kg1 h4 38.Kf1 Kg7 39.Kg2 Qe4+ 40.Kf1 a6 
0-1

[Event "21st Panam-ch"]
[Site "Mar del Plata ARG"]
[Date "2012.10.12"]
[Round "1.65"]
[White "Cuevas, Alex"]
[Black "Besso, Javier Alejandro"]
[Result "1-0"]
[WhiteElo "2263"]
[BlackElo "1751"]
[EventDate "2012.10.12"]
[PlyCount "33"]

1.c4 f5 2.Nc3 Nf6 3.d3 e6 4.e4 fxe4 5.dxe4 e5 6.Be2 Be7 7.Bh5+ g6 8.Bf3 
O-O 9.Bh6 Re8 10.h4 c6 11.h5 d5 12.Qb3 g5 13.cxd5 cxd5 14.exd5 Kh8 15.d6 
Bxd6 16.Qf7 Qe7 17.Bg7# 1-0

[Event "21st Panam-ch"]
[Site "Mar del Plata ARG"]
[Date "2012.10.12"]
[Round "1.66"]
[White "Mendez, Nicolas"]
[Black "Perez Gormaz, Matias"]
[Result "0-1"]
[WhiteElo "1744"]
[BlackElo "2261"]
[EventDate "2012.10.12"]
[PlyCount "156"]

1.c4 b6 2.Nc3 Bb7 3.d4 e6 4.Nf3 Bb4 5.Qb3 Be7 6.e4 d6 7.Be2 Nd7 8.Bf4 Ngf6
9.Qc2 O-O 10.e5 Ne8 11.h4 f5 12.O-O-O dxe5 13.dxe5 Qc8 14.Ng5 Nc5 15.Bf3 
a6 16.b4 Bxf3 17.gxf3 Nb7 18.Nd5 exd5 19.cxd5 Bxb4 20.Qb3 Bd6 21.exd6 
cxd6+ 22.Kb1 Na5 23.Qe3 Nc7 24.Ne6 Nc4 25.Qe2 Nb5 26.Rc1 Rf7 27.Ka1 Nba3 
28.Bxd6 Qd7 29.Bxa3 Nxa3 30.Qd3 Qa4 31.Qb3 Qxb3 32.axb3 Rd7 33.Rhg1 Nb5 
34.Rc6 Rb8 35.Kb2 Re8 36.Nf4 Nd4 37.Rxb6 Nxf3 38.Rd1 Nxh4 39.Rxa6 Ng6 40.
Ra4 Nxf4 41.Rxf4 Re5 42.Rfd4 Kf7 43.f4 Re2+ 44.Kc3 h6 45.Kd3 Rb2 46.Kc3 
Re2 47.Kd3 Re8 48.b4 g5 49.fxg5 hxg5 50.Kc4 Rc8+ 51.Kb5 Rd6 52.Rc4 Rcd8 
53.Rc7+ Kf6 54.Rc6 Ke5 55.Rxd6 Kxd6 56.Kc4 Rc8+ 57.Kd4 Rb8 58.Kc4 f4 59.
Rg1 Rg8 60.Kd4 g4 61.Ke4 f3 62.Rf1 Rb8 63.Kf4 Rxb4+ 64.Kg3 Kxd5 65.Ra1 Re4
66.Ra5+ Kd4 67.Ra3 Kc4 68.Ra1 Kd3 69.Rh1 Kd2 70.Ra1 Ke2 71.Rb1 Rd4 72.Rh1 
Rd3 73.Ra1 Rd1 74.Ra2+ Ke1 75.Rb2 Kf1 76.Rb4 f2 77.Rxg4 Rd3+ 78.Kh2 Ke2 
0-1

[Event "21st Panam-ch"]
[Site "Mar del Plata ARG"]
[Date "2012.10.12"]
[Round "1.67"]
[White "Tobares, Leandro"]
[Black "Besso, Guadalupe"]
[Result "1-0"]
[WhiteElo "2261"]
[BlackElo "1730"]
[EventDate "2012.10.12"]
[PlyCount "67"]

1.Nf3 Nf6 2.g3 g6 3.Bg2 Bg7 4.c4 O-O 5.d4 d5 6.cxd5 Nxd5 7.O-O Nb6 8.Nc3 
c6 9.Qc2 N8d7 10.Rd1 Nf6 11.e4 Bg4 12.h3 Bxf3 13.Bxf3 Rc8 14.Kg2 Qd7 15.a4
Rfd8 16.a5 Na8 17.Be3 Qe8 18.Qb3 Qd7 19.Rac1 Qc7 20.e5 Ne8 21.e6 f5 22.Nd5
Rxd5 23.Bxd5 Qxa5 24.Bf3 Nd6 25.Bf4 Nb5 26.d5 Nb6 27.d6 Nd4 28.Rxd4 Bxd4 
29.d7 Rf8 30.Bc7 Bxf2 31.d8=Q Rxd8 32.Bxd8 Bd4 33.Rd1 Qe5 34.Bxe7 1-0

[Event "21st Panam-ch"]
[Site "Mar del Plata ARG"]
[Date "2012.10.12"]
[Round "1.68"]
[White "Bidigaray, Marcio"]
[Black "Barea, Luis"]
[Result "1/2-1/2"]
[WhiteElo "1715"]
[BlackElo "2245"]
[EventDate "2012.10.12"]
[PlyCount "20"]

1.e4 e5 2.Nf3 Nf6 3.Nxe5 d6 4.Nf3 Nxe4 5.Qe2 Qe7 6.d3 Nf6 7.Nc3 Bg4 8.
Qxe7+ Bxe7 9.Be2 Nc6 10.Bf4 Nb4 1/2-1/2

[Event "21st Panam-ch"]
[Site "Mar del Plata ARG"]
[Date "2012.10.12"]
[Round "1.69"]
[White "Mellano, Santiago"]
[Black "Zalimben, Maria Luz"]
[Result "1-0"]
[WhiteElo "2242"]
[BlackElo "1714"]
[EventDate "2012.10.12"]
[PlyCount "39"]

1.d4 Nf6 2.Nf3 g6 3.Nc3 Bg7 4.e4 d6 5.Be3 O-O 6.Qd2 Nbd7 7.Bh6 c5 8.Bxg7 
Kxg7 9.e5 dxe5 10.dxe5 Ng4 11.Qf4 Nh6 12.O-O-O Qa5 13.h4 Nf5 14.h5 Qb4 15.
Ne4 Nb6 16.a3 Qa4 17.g4 Nd4 18.Nxd4 cxd4 19.hxg6 fxg6 20.Rxh7+ 1-0

[Event "21st Panam-ch"]
[Site "Mar del Plata ARG"]
[Date "2012.10.12"]
[Round "1.70"]
[White "Beron, Ricardo"]
[Black "Tapie Amione, Pablo Adib"]
[Result "0-1"]
[WhiteElo "1703"]
[BlackElo "2240"]
[EventDate "2012.10.12"]
[PlyCount "60"]

1.Nf3 c5 2.c4 Nc6 3.Nc3 e5 4.d3 g6 5.g3 Bg7 6.Bg2 d6 7.O-O Nge7 8.e4 O-O 
9.Rb1 h6 10.a3 a5 11.Qd2 f5 12.b3 f4 13.Bb2 g5 14.h3 Nd4 15.Nxd4 cxd4 16.
Nd5 f3 17.Bh1 Bxh3 18.Rfc1 Be6 19.b4 Kh7 20.b5 Kg6 21.a4 h5 22.Rc2 Bh6 23.
Bc1 Ng8 24.Qd1 g4 25.c5 h4 26.Kh2 hxg3+ 27.Kxg3 Bxd5 28.Bxh6 Nxh6 29.exd5 
Rf4 30.c6 Qh4+ 0-1

[Event "21st Panam-ch"]
[Site "Mar del Plata ARG"]
[Date "2012.10.12"]
[Round "1.71"]
[White "Rioseco Pinochet, Fernan"]
[Black "Maggiori, Luciano"]
[Result "1/2-1/2"]
[WhiteElo "2236"]
[BlackElo "1700"]
[EventDate "2012.10.12"]
[PlyCount "77"]

1.d4 e6 2.c4 d5 3.Nc3 Be7 4.Nf3 Nf6 5.g3 O-O 6.Bg2 dxc4 7.O-O c5 8.dxc5 
Bxc5 9.Qa4 Nc6 10.Qxc4 Qe7 11.Bg5 h6 12.Bxf6 gxf6 13.Qh4 Kg7 14.Rac1 f5 
15.Qh5 Rd8 16.e4 Qf6 17.Ne2 Be7 18.Nf4 Bd6 19.exf5 Qxf5 20.Qxf5 exf5 21.
Rc4 Ne5 22.Rd4 Nxf3+ 23.Bxf3 Bc7 24.Rxd8 Bxd8 25.Rd1 Bc7 26.b3 Rb8 27.Re1 
Bxf4 28.gxf4 Be6 29.Rc1 Rc8 30.Rxc8 Bxc8 31.Kf1 Kf8 32.Ke2 Ke7 33.Kd3 Kd6 
34.Kd4 b6 35.Bd5 f6 36.b4 Ba6 37.a4 Bc8 38.a5 Ba6 39.Bb3 1/2-1/2

[Event "21st Panam-ch"]
[Site "Mar del Plata ARG"]
[Date "2012.10.12"]
[Round "1.72"]
[White "Romero Kries, Mario Andres"]
[Black "Batista, Gerson Peres"]
[Result "1/2-1/2"]
[WhiteElo "1645"]
[BlackElo "2233"]
[EventDate "2012.10.12"]
[PlyCount "68"]

1.c4 c5 2.g3 Nc6 3.Bg2 g6 4.Nc3 Bg7 5.Nf3 Nf6 6.e3 O-O 7.O-O d6 8.d4 Bg4 
9.h3 Bxf3 10.Bxf3 Nd7 11.Bxc6 bxc6 12.b3 cxd4 13.exd4 c5 14.Be3 Rc8 15.Ne2
Qa5 16.a4 Rc7 17.Rb1 Rb8 18.Qd3 Rcb7 19.f4 cxd4 20.Nxd4 Bxd4 21.Bxd4 Nc5 
22.Bxc5 Qxc5+ 23.Kh2 a6 24.h4 Rd7 25.Qf3 h5 26.Rfd1 Rbd8 27.Rd3 d5 28.Rbd1
d4 29.Qe4 a5 30.Rg1 Kg7 31.Re1 Kg8 32.Kg2 Rb8 33.Qe5 Qc6+ 34.Kf2 Qb6 
1/2-1/2

[Event "21st Panam-ch"]
[Site "Mar del Plata ARG"]
[Date "2012.10.12"]
[Round "1.75"]
[White "Assumpcao, Roberto"]
[Black "Caceres Recalde, Gonzalo"]
[Result "1-0"]
[WhiteElo "2218"]
[BlackElo "1582"]
[EventDate "2012.10.12"]
[PlyCount "59"]

1.e4 c5 2.Nf3 d6 3.d4 cxd4 4.Nxd4 Nf6 5.Nc3 g6 6.Be2 Bg7 7.O-O Nc6 8.Nb3 
O-O 9.Be3 Be6 10.f4 Qc8 11.h3 a6 12.Bf3 b5 13.Qd2 Rd8 14.Nd5 Bxd5 15.exd5 
Nb8 16.Rfe1 Qc7 17.a4 Nbd7 18.a5 Rac8 19.Nd4 Nb8 20.c3 Nfd7 21.Bf2 Nc5 22.
f5 Bxd4 23.Bxd4 Nb3 24.Qh6 Nxd4 25.cxd4 Qc2 26.Be4 Qxb2 27.Rad1 Rc4 28.
fxg6 hxg6 29.Bxg6 fxg6 30.Rxe7 1-0

[Event "21st Panam-ch"]
[Site "Mar del Plata ARG"]
[Date "2012.10.12"]
[Round "1.76"]
[White "Nicosia, Mariano"]
[Black "Zuriel, Marisa"]
[Result "0-1"]
[WhiteElo "1562"]
[BlackElo "2217"]
[EventDate "2012.10.12"]
[PlyCount "70"]

1.e4 c5 2.Nf3 d6 3.Bc4 e6 4.d3 Nc6 5.Nc3 Nf6 6.Bg5 Be7 7.a3 a6 8.O-O h6 9.
Bh4 O-O 10.Ne2 d5 11.exd5 exd5 12.Bb3 Bg4 13.Nd2 g5 14.Bg3 b5 15.f4 Nd4 
16.Rf2 c4 17.dxc4 dxc4 18.Ba2 Nxe2+ 19.Rxe2 Bc5+ 20.Kf1 Bxe2+ 21.Qxe2 Re8 
22.Qd1 Nd5 23.Bf2 Bxf2 24.Kxf2 Qb6+ 25.Kg3 gxf4+ 26.Kh3 Re3+ 27.g3 Nf6 28.
Kh4 fxg3 29.c3 Qd6 30.Nf3 Qf4+ 31.Kh3 Rxf3 32.Kg2 Rf2+ 33.Kg1 gxh2+ 34.Kh1
Qe4+ 35.Qf3 Qxf3# 0-1

[Event "21st Panam-ch"]
[Site "Mar del Plata ARG"]
[Date "2012.10.12"]
[Round "1.77"]
[White "Arias, Juan Carlos"]
[Black "Ezcurra, Mariano"]
[Result "1-0"]
[WhiteElo "2215"]
[BlackElo "1560"]
[EventDate "2012.10.12"]
[PlyCount "83"]

1.d4 Nf6 2.Nf3 d6 3.c4 g6 4.Nc3 Bg7 5.e4 Nbd7 6.e5 dxe5 7.dxe5 Ng4 8.e6 
Nde5 9.Qxd8+ Kxd8 10.Nxe5 Nxe5 11.exf7 Nxf7 12.Be3 Ke8 13.Nb5 Bxb2 14.Rd1 
Rb8 15.Bxa7 c6 16.Nc7+ Kf8 17.Bxb8 Bg4 18.Be2 Bc3+ 19.Kf1 Bf5 20.g4 Be4 
21.Ne6+ Ke8 22.f3 Bc2 23.Nc7+ Kf8 24.Rc1 Ba5 25.Rxc2 Bxc7 26.Bxc7 Kg7 27.
Kf2 Rc8 28.Ba5 Ng5 29.Bc3+ Kf7 30.Rd1 Nh3+ 31.Ke3 g5 32.Be5 Ke6 33.Bg3 Rf8
34.Bd3 h6 35.Bf5+ Kf6 36.Rd7 e6 37.Rd6 Ra8 38.Rxe6+ Kf7 39.Rxh6 Ra3+ 40.
Ke4 Ng1 41.Rd2 Kg7 42.Be5+ 1-0

[Event "21st Panam-ch"]
[Site "Mar del Plata ARG"]
[Date "2012.10.12"]
[Round "1.78"]
[White "Farias, Sergio Luiz Cardoso"]
[Black "Ferro, Ezequiel"]
[Result "0-1"]
[WhiteElo "1524"]
[BlackElo "2214"]
[EventDate "2012.10.12"]
[PlyCount "87"]

1.e4 c6 2.d4 d5 3.exd5 cxd5 4.Nf3 Nf6 5.c3 g6 6.Be2 Bg7 7.O-O O-O 8.Bf4 
Nh5 9.Qc1 Nxf4 10.Qxf4 Qb6 11.Qc1 Nc6 12.Na3 Bd7 13.Nc2 Rac8 14.Rd1 Bf5 
15.Bd3 Bg4 16.Be2 Rfd8 17.Kf1 a5 18.h3 Bf5 19.Bd3 Bxd3+ 20.Rxd3 Qb5 21.
Nfe1 e5 22.Kg1 exd4 23.Na3 Qb6 24.Rb1 dxc3 25.bxc3 Qc7 26.Nf3 Nb4 27.cxb4 
Qxc1+ 28.Rxc1 Rxc1+ 29.Kh2 axb4 30.Nb5 Rc2 31.Rd2 Rxd2 32.Nxd2 Ra8 33.Nb3 
Rxa2 34.Kg3 Ra3 35.Nxa3 bxa3 36.Nc1 b5 37.Na2 Bf8 38.Kf3 b4 39.Nc1 Bh6 40.
Nb3 a2 41.Ke2 Bg7 42.Kd3 a1=Q 43.Nxa1 Bxa1 44.Kc2 0-1

[Event "21st Panam-ch"]
[Site "Mar del Plata ARG"]
[Date "2012.10.12"]
[Round "1.84"]
[White "Etchevest, Marcelo"]
[Black "Arcos Facio, Mateo"]
[Result "1/2-1/2"]
[WhiteElo "1744"]
[BlackElo "2174"]
[EventDate "2012.10.12"]
[PlyCount "34"]

1.d4 g6 2.e4 Bg7 3.Bc4 d6 4.Nf3 Nf6 5.e5 dxe5 6.Nxe5 O-O 7.Nd2 Qxd4 8.Qe2 
e6 9.Ndf3 Qe4 10.Be3 Nfd7 11.Nxf7 Rxf7 12.Ng5 Qxg2 13.O-O-O Ne5 14.Rhg1 
Qxh2 15.Rh1 Qg2 16.Rhg1 Qh2 17.Rh1 Qg2 1/2-1/2

[Event "21st Panam-ch"]
[Site "Mar del Plata ARG"]
[Date "2012.10.13"]
[Round "2.1"]
[White "Leskovar, Matias"]
[Black "Bruzon Batista, Lazaro"]
[Result "0-1"]
[WhiteElo "2283"]
[BlackElo "2717"]
[EventDate "2012.10.12"]
[PlyCount "137"]

1.d4 e6 2.Nf3 c5 3.e3 Nf6 4.c4 b6 5.Nc3 cxd4 6.exd4 Bb7 7.Bd3 Be7 8.O-O d5
9.cxd5 Nxd5 10.Bb5+ Bc6 11.Qa4 Qd7 12.Ne5 Nxc3 13.Qc2 Qd5 14.Bxc6+ Nxc6 
15.Nxc6 Qxc6 16.bxc3 Rc8 17.Bd2 O-O 18.Qb3 Rfd8 19.Rfe1 Rd5 20.Re2 Rb5 21.
Qd1 Qc4 22.a4 Rb2 23.Re5 a6 24.Be1 Bd6 25.Re3 g6 26.g3 Ra2 27.Rxa2 Qxa2 
28.Re2 Qa3 29.Qb1 Qxa4 30.Qxb6 Qc4 31.Rc2 Rc6 32.Qa5 h5 33.Rb2 Bc7 34.Qa2 
Qd3 35.Qb1 Qf3 36.h4 e5 37.Rb3 Qd5 38.Rb4 exd4 39.cxd4 Re6 40.Bd2 Re2 41.
Qd3 Re8 42.Qc4 Qxc4 43.Rxc4 Bb6 44.Bc3 Rd8 45.Kf1 Kf8 46.Ke2 Ke8 47.Kd3 
Kd7 48.Rb4 Kc6 49.Ra4 Ra8 50.Kc4 a5 51.Bd2 Rd8 52.Be3 Bc7 53.Bd2 Rd5 54.
Ra2 Rf5 55.Be3 f6 56.Rd2 Rd5 57.Re2 Rb5 58.Rc2 Bd6 59.Bd2 a4 60.Bc3 a3 61.
Rd2 Rf5 62.d5+ Kd7 63.f4 g5 64.hxg5 fxg5 65.Bb4 gxf4 66.Bxd6 Kxd6 67.gxf4 
Rxf4+ 68.Kb3 Rf3+ 69.Ka2 0-1

[Event "21st Panam-ch"]
[Site "Mar del Plata ARG"]
[Date "2012.10.13"]
[Round "2.3"]
[White "Paveto, Kevin"]
[Black "Iturrizaga, Eduardo"]
[Result "0-1"]
[WhiteElo "2282"]
[BlackElo "2639"]
[EventDate "2012.10.12"]
[PlyCount "60"]

1.e4 c5 2.Nf3 e6 3.d4 cxd4 4.Nxd4 Nc6 5.Nxc6 bxc6 6.Bd3 Nf6 7.Nd2 e5 8.O-O
Bc5 9.Nc4 d6 10.Qe1 Be6 11.b4 Bxc4 12.Bxc4 Bb6 13.Kh1 O-O 14.f4 Qe7 15.Bb3
Rad8 16.Bb2 Bd4 17.c3 Bb6 18.Qh4 Be3 19.fxe5 Qxe5 20.Bc2 Bg5 21.Qh3 Nxe4 
22.Rf5 g6 23.Bxe4 gxf5 24.Bxf5 h6 25.Rf1 Rfe8 26.Bd3 Re6 27.Bf5 Qe2 28.Bd3
Qxb2 29.Qf5 Bf6 30.Qh7+ Kf8 0-1

[Event "21st Panam-ch"]
[Site "Mar del Plata ARG"]
[Date "2012.10.13"]
[Round "2.4"]
[White "Leitao, Rafael"]
[Black "Tokman, Ariel"]
[Result "1-0"]
[WhiteElo "2617"]
[BlackElo "2283"]
[EventDate "2012.10.12"]
[PlyCount "67"]

1.d4 Nf6 2.c4 d6 3.Nf3 Nbd7 4.Nc3 e5 5.g3 c6 6.Bg2 Be7 7.O-O O-O 8.Qc2 Re8
9.Rd1 Qc7 10.Rb1 Bf8 11.b4 h6 12.c5 d5 13.Nxe5 Nxe5 14.Bf4 Nfg4 15.e4 g5 
16.Bxe5 Nxe5 17.exd5 Ng4 18.dxc6 bxc6 19.b5 Bd7 20.h3 Nf6 21.bxc6 Bxc6 22.
d5 Bxc5 23.dxc6 Bb6 24.Na4 Ba5 25.Nc5 Bb6 26.Na4 Ba5 27.Rb7 Qe5 28.Qc4 Bc7
29.Rd7 Nxd7 30.cxd7 Qe1+ 31.Qf1 Qa5 32.dxe8=R+ Rxe8 33.Qc4 Re7 34.Nc3 1-0

[Event "21st Panam-ch"]
[Site "Mar del Plata ARG"]
[Date "2012.10.13"]
[Round "2.5"]
[White "Umetsubo, Cesar Hidemitsu"]
[Black "Flores, Diego"]
[Result "1/2-1/2"]
[WhiteElo "2276"]
[BlackElo "2598"]
[EventDate "2012.10.12"]
[PlyCount "65"]

1.d4 d6 2.c4 e5 3.dxe5 dxe5 4.Qxd8+ Kxd8 5.Nf3 f6 6.Nc3 Be6 7.e3 Nd7 8.Be2
c6 9.O-O Kc7 10.Rd1 Bb4 11.Bd2 a5 12.Rac1 Bxc3 13.Bxc3 Nh6 14.Nd2 Nc5 15.
Nb3 Nxb3 16.axb3 c5 17.Rd2 b6 18.h3 Nf7 19.f4 exf4 20.exf4 Rad8 21.Re1 
Rxd2 22.Bxd2 Re8 23.Bd3 Rd8 24.Re3 f5 25.Bc3 g6 26.Be2 Re8 27.g4 Bd7 28.
Rxe8 Bxe8 29.gxf5 gxf5 30.Bd3 Nd6 31.Be5 Bg6 32.Kf2 Kd7 33.Ke3 1/2-1/2